|
|
|
|
| LEADER |
00000nbm0a2200000 4500 |
| 001 |
187686 |
| 005 |
20231031174055.0 |
| 035 |
|
|
|a (RuTPU)RU\TPU\book\203649
|
| 090 |
|
|
|a 187686
|
| 100 |
|
|
|a 20101119d1965 k y0rusy50 ca
|
| 101 |
0 |
|
|a rus
|
| 102 |
|
|
|a RU
|
| 105 |
|
|
|a af p 001zy
|
| 200 |
1 |
|
|a Исследование теплотехнических и реакционных характеристик мокрых шламов обогатительной фабрики Магнитогорского металлургического комбината
|e Отчет о НИР
|e Тема: х/д № 78/63
|f Томский политехнический институт (ТПИ) ; руководитель И. К. Лебедев ; Е. А. Коньков
|
| 210 |
|
|
|a Томск
|d 1965
|
| 215 |
|
|
|a 48 л.
|
| 320 |
|
|
|a Библиогр.: с. 46-47.
|
| 610 |
1 |
|
|a отчеты о НИР
|
| 610 |
1 |
|
|a металлургические комбинаты
|
| 610 |
1 |
|
|a обогатительные фабрики
|
| 610 |
1 |
|
|a мокрые шламы
|
| 610 |
1 |
|
|a теплотехнические характеристики
|
| 610 |
1 |
|
|a реакционные характеристики
|
| 610 |
1 |
|
|a исследование
|
| 675 |
|
|
|a 662.6
|v 3
|
| 675 |
|
|
|a 622.765
|v 3
|
| 702 |
|
1 |
|a Лебедев
|b И. К.
|4 673
|
| 702 |
|
1 |
|a Коньков
|b Е. А.
|4 677
|
| 712 |
0 |
2 |
|a Томский политехнический институт (ТПИ)
|c (1944-1991)
|2 stltpush
|3 (RuTPU)RU\TPU\col\1123
|4 595
|
| 801 |
|
1 |
|a RU
|b 63413507
|c 20101119
|
| 942 |
|
|
|c BK
|